[Event "Jersey Open"]
[Site "St Helier JCI"]
[Date "2000.02.25"]
[Round "6"]
[White "Hillarp Persson,T"]
[Black "Heurtebize,O"]
[Result "1-0"]
[WhiteElo "2548"]
[BlackElo "2200"]

1.d4 d5 2.c4 e6 3.Nc3 c6 4.e3 Nf6 5.Nf3 Be7 6.Bd3 O-O 7.O-O Nbd7 8.Qe2 Qc7
9.b3 b6 10.Bb2 Bb7 11.e4 dxe4 12.Nxe4 h6 13.Rad1 Rad8 14.Bb1 Rfe8 15.Nxf6+ Bxf6
16.Qc2 Nf8 17.c5 Rd5 18.b4 Ng6 19.Rfe1 Red8 20.Rxe6 bxc5 21.bxc5 Bc8 22.Re3 Bg4
23.Rde1 Qb8 24.Rb3 Qc7 25.Rbe3 Qb8 26.Rb3 Qc7 27.Qc4 Nf4 28.Rbe3 Be6 29.Qc2 g6
30.g3 Nh3+ 31.Kg2 Rh5 32.Rxe6 fxe6 33.Qxg6+ Qg7 34.Qxg7+ Kxg7 35.Rxe6 Rb8
36.Re2 Ng5 37.Nxg5 hxg5 38.Bf5 Rb7 39.Bc3 Rh8 40.Re6 Rd8 41.Rxc6 Bxd4 42.Rg6+ Kf7
43.c6 Rc7 44.Bxd4 Rxd4 45.Rh6 Ke7 46.Bd7 Rd2 47.Re6+ Kf8 48.Rg6 Rxa2 49.Rxg5 a5
50.h4 Ra7 51.h5 Re2 52.Rc5 Ke7 53.c7  1-0

[Event "II Vince Toth Mem"]
[Site "Rio de Janeiro BRA"]
[Date "2000.02.28"]
[Round "4"]
[White "Teixeira,R"]
[Black "Matsuura,E"]
[Result "1/2-1/2"]
[WhiteElo "2353"]
[BlackElo "2441"]

1.d4 d5 2.Nf3 Nf6 3.c4 c6 4.e3 e6 5.Nc3 Nbd7 6.Qc2 Bd6 7.b3 O-O 8.Be2 dxc4
9.bxc4 e5 10.O-O Qe7 11.Bb2 Re8 12.Rfe1 e4 13.Nd2 Nf8 14.f3 exf3 15.Bxf3 Qc7
16.Nf1 Bg4 17.Bxg4 Nxg4 18.h3 Nf6 19.e4 Bb4 20.e5 N6d7 21.Re2 f6 22.Ne4 Be7
23.exf6 Nxf6 24.Rae1 Qd7 25.Qb3 Nxe4 26.Rxe4 Bf6 27.Rxe8 Rxe8 28.Rxe8 Qxe8
29.d5 Bxb2 30.Qxb2 Qe7 31.Qd4 cxd5 32.cxd5 Qd6 33.Ne3 b6 34.Nc4 Qc5 35.Qxc5 bxc5
36.Ne5 Ng6 37.Nc6 Kf7 38.Nxa7 Nf4 39.Nb5 Nxd5 40.Kf2 Ke6 41.a4 Kd7 42.g3 Kc6
43.Ke2 c4 44.Kd2 Kc5 45.Nc3 Ne7 46.Na2 Nc6 47.Kc3 h5 48.h4 Nd4 49.Nc1 g6
50.a5 Nb5+ 51.Kc2 Kb4 52.a6 Ka5 53.Ne2 Kxa6 54.Nf4 Ka5 55.Nxg6 Kb4 56.Nf4 Nd4+
57.Kd2 Kb3 58.Nd5 Nf5 59.Ke2 Nxg3+ 60.Kf3 Nf5 61.Kf4 Nxh4 62.Kg5 Ng6 63.Kxh5 Ne7
64.Nxe7 c3 65.Nf5 Kc4 66.Ne3+ Kd3 67.Nd5 c2 68.Nb4+  1/2-1/2

[Event "Caissa Open"]
[Site "Kharkov UKR"]
[Date "2000.02.29"]
[Round "4"]
[White "Sukharev,S"]
[Black "Budnikov,O"]
[Result "1/2-1/2"]
[WhiteElo "2245"]
[BlackElo "2363"]

1.Nf3 Nf6 2.c4 c6 3.d4 d5 4.Nc3 e6 5.e3 Nbd7 6.Bd3 dxc4 7.Bxc4 b5 8.Bd3 Bb7
9.O-O b4 10.Ne4 Be7 11.Nxf6+ Nxf6 12.e4 O-O 13.e5 Nd5 14.Be4 Nb6 15.Bd2 Re8
16.Rc1 Rc8 17.a3 bxa3 18.bxa3 Ba6 19.Re1 Bc4 20.Rc3 g6 21.h4 Bd5 22.h5 Bxe4
23.Rxe4 Nd5 24.Rd3 Kh8 25.hxg6 fxg6 26.Rg4 Rf8 27.Ng5 Bxg5 28.Bxg5 Qb6 29.Rb3 Qa6
30.Rh3 Rf7 31.Bc1 Rg8 32.Qd2 Qc4 33.Kh2 c5 34.Qh6 Qc2 35.dxc5 Qxf2 36.Rxg6 Rfg7
37.Bg5 Qc2 38.Bf6 Nxf6 39.exf6 Qxg2+ 40.Kxg2 Rxg6+ 41.Kf3 Rxh6 42.Rxh6 Rc8
43.Rh5 Kg8 44.Ke4 Kf7 45.Kd4 Kg6 46.Rh3 Kxf6 47.Rxh7 a6 48.Ra7 Rc6 49.Rb7 Rc8
50.Rb6 Rh8 51.c6 Ke7 52.Rxa6 Kd6 53.Kc4 Kc7 54.a4 Rh4+ 55.Kc5  1/2-1/2

[Event "Caissa Open"]
[Site "Kharkov UKR"]
[Date "2000.03.02"]
[Round "9"]
[White "Budnikov,O"]
[Black "Borovikov,V"]
[Result "0-1"]
[WhiteElo "2363"]
[BlackElo "2472"]

1.d4 d5 2.c4 c6 3.Nc3 Nf6 4.e3 e6 5.Nf3 Nbd7 6.Bd3 dxc4 7.Bxc4 b5 8.Bd3 Bb7
9.e4 b4 10.Na4 c5 11.e5 Nd5 12.Nxc5 Nxc5 13.dxc5 Bxc5 14.O-O Qc7 15.Qe2 h6
16.Bd2 Rd8 17.Rac1 Qb6 18.Rc2 Be7 19.Rfc1 g6 20.h4 Kf8 21.h5 g5 22.Nh2 Kg7
23.Ng4 a5 24.Be4 Qd4 25.Qf3 Rc8 26.Rxc8 Rxc8 27.Rxc8 Bxc8 28.Be3 Qxb2 29.Kh2 Ba6
30.Bxd5 Be2 31.Qe4 exd5 32.Qxd5 Bxg4 33.Bd4 Qe2 34.Qb7 Be6 35.Qxe7 Qxh5+  0-1

[Event "Israeli League"]
[Site "Ramat Aviv ISR"]
[Date "2000.03.03"]
[Round "4"]
[White "Vydeslaver,A"]
[Black "Reprun,N"]
[Result "1/2-1/2"]
[WhiteElo "2422"]
[BlackElo "2151"]

1.d4 d5 2.c4 c6 3.Nf3 Nf6 4.Nc3 e6 5.e3 Nbd7 6.Bd3 dxc4 7.Bxc4 b5 8.Be2 a6
9.e4 c5 10.dxc5 Bxc5 11.e5 Ng4 12.Ne4 Bb4+ 13.Bd2 Bxd2+ 14.Nfxd2 Ngxe5 15.Nd6+ Kf8
16.Qc2 Nc4 17.N2xc4 bxc4 18.O-O Nb6 19.Rfd1 Nd5 20.Nxc8 Rxc8 21.Bxc4 Qc7
22.Rac1 Nb6 23.Bb3 Qxc2 24.Rxc2 Rxc2 25.Bxc2 Ke7 26.Kf1 Rc8 27.Bd3 a5 28.Ke2  1/2-1/2

[Event "Varsity Match"]
[Site "London ENG"]
[Date "2000.03.04"]
[Round "1"]
[White "Trifunovic,A"]
[Black "Mah,K"]
[Result "0-1"]
[WhiteElo "2252"]
[BlackElo "2412"]

1.d4 d5 2.c4 e6 3.Nc3 c6 4.e3 Nf6 5.Nf3 Nbd7 6.Qc2 Bd6 7.Be2 O-O 8.O-O dxc4
9.Bxc4 b5 10.Bd3 Bb7 11.Bd2 a6 12.Ne4 Nxe4 13.Bxe4 f5 14.Bd3 c5 15.Qd1 Bxf3
16.Qxf3 cxd4 17.exd4 Qh4 18.h3 Qxd4 19.Bc3 Qc5 20.Qe2 e5 21.Rac1 Qb6 22.b4 e4
23.Bc2 Be5 24.Bb3+ Kh8 25.Rfd1 Bxc3 26.Rxd7 Qc6 27.Rd5 Qf6 28.a3 Bb2 29.Rcc5 Bxa3
30.Rxf5 Qa1+ 31.Kh2 Bxb4 32.Rh5 g6 33.Qxe4 Bxc5 34.Rxc5 Qf6 35.Qb7 Qd6+  0-1

[Event "Oz.com qualifier blitz"]
[Site "Internet ICC"]
[Date "2000.03.05"]
[Round "1"]
[White "Koskinen,Hen"]
[Black "Fernandez,La"]
[Result "1-0"]
[WhiteElo "2298"]
[BlackElo "2025"]

1.d4 d5 2.Nf3 Nf6 3.c4 c6 4.e3 e6 5.Nc3 Bd6 6.Qc2 Nbd7 7.Be2 Qe7 8.O-O O-O
9.b3 e5 10.dxe5 Nxe5 11.cxd5 cxd5 12.Nb5 Nxf3+ 13.Bxf3 Be5 14.Bb2 Bd7 15.Bxe5 Qxe5
16.Nd4 Rac8 17.Qd3 Ne4 18.Rac1 a6 19.g3 Bh3 20.Bg2 Qh5 21.Bxh3 Qxh3 22.Ne2 Rxc1
23.Rxc1 Qf5 24.Nf4 g5 25.Qxd5 Qxd5 26.Nxd5 Rd8 27.Ne7+ Kf8 28.Nf5 g4 29.Nd4 Ng5
30.Kg2 Rd7 31.Rc5 h6 32.Nf5 Rd8 33.Nxh6 Ne6 34.Rc2 f5 35.Nxf5 Ng5 36.Rc4 Rd5
37.Rf4 Ke8 38.e4 Rd1 39.Rxg4 Ne6 40.h4 Nc5 41.h5 Rd2 42.h6 Nd3 43.h7 Rxf2+
44.Kg1  1-0

[Event "Oz.com qualifier blitz"]
[Site "Internet ICC"]
[Date "2000.03.05"]
[Round "1"]
[White "Hutters,T"]
[Black "Thorsteinsson,E"]
[Result "1-0"]
[WhiteElo "2390"]
[BlackElo "2160"]

1.d4 d5 2.Nf3 c6 3.c4 Nf6 4.Nc3 e6 5.e3 Bd6 6.Bd3 Nbd7 7.O-O a6 8.e4 dxe4
9.Nxe4 Nxe4 10.Bxe4 Nf6 11.Bc2 Bb8 12.Bg5 h6 13.Bh4 Qe7 14.Re1 O-O 15.Qd3 g6
16.Ne5 g5 17.Bg3 Kg7 18.h4 Rh8 19.Qe3 Ne8 20.Qf3 Qf6 21.Qg4 h5 22.Qxg5+ Qxg5
23.hxg5 h4 24.Bf4 h3 25.g3 f5 26.Nf3 Bxf4 27.gxf4 Nd6 28.b3 Bd7 29.Kh2 Rae8
30.Re3 b5 31.c5 Nf7 32.Rg1 a5 33.a3 Re7 34.Rg3 Nd8 35.Rxh3 Ree8 36.Ne5 Bc8
37.Rg3 Bb7 38.Bd1 Nf7 39.Nxf7 Kxf7 40.Bh5+ Kg7 41.Bxe8 Rxe8 42.g6 Kf6  1-0

[Event "Oz.com qualifier blitz"]
[Site "Internet ICC"]
[Date "2000.03.05"]
[Round "2"]
[White "Avrukh,B"]
[Black "Bhat,V"]
[Result "0-1"]
[WhiteElo "2620"]
[BlackElo "2398"]

1.d4 d5 2.c4 e6 3.Nc3 c6 4.Nf3 Nf6 5.e3 Nbd7 6.Bd3 dxc4 7.Bxc4 b5 8.Bd3 a6
9.e4 c5 10.d5 Qc7 11.O-O Bb7 12.Bg5 c4 13.Rc1 Bd6 14.Bb1 O-O 15.Qc2 exd5
16.Nxd5 Nxd5 17.exd5 g6 18.Qd2 Rfe8 19.b3 Ne5 20.Nd4 Qc5 21.Rfe1 Rac8 22.Be4 c3
23.Qd1 f5 24.Nxf5 gxf5 25.Bxf5 Qxd5 26.Qxd5+ Bxd5 27.Bxc8 Rxc8 28.Red1 Ba3
29.Rxd5 Bxc1 30.Bxc1 Nc6 31.a3 Na5 32.b4 Nb3 33.Be3 c2 34.g4 Rc3 35.Bh6 c1=Q+
36.Bxc1 Nxc1 37.Rc5 Rxc5 38.bxc5 Kf7 39.Kf1 Ke7 40.h4 Nd3 41.c6 Ne5 42.g5 Nxc6
43.Ke2 Nd4+ 44.Ke3 Nc2+ 45.Kd3 Nxa3 46.f4 Nc4 47.f5 Nd6 48.f6+ Ke6 49.h5 Kf5  0-1

[Event "Oz.com qualifier blitz"]
[Site "Internet ICC"]
[Date "2000.03.05"]
[Round "2"]
[White "Toth,Ch"]
[Black "Ottosen,D"]
[Result "1-0"]
[WhiteElo "2355"]
[BlackElo "2114"]

1.c4 e6 2.Nc3 d5 3.d4 c6 4.e3 Nf6 5.Nf3 Nbd7 6.a3 dxc4 7.Bxc4 b5 8.Bd3 a6
9.O-O c5 10.e4 Bb7 11.e5 Nd5 12.Bg5 Qc7 13.Rc1 c4 14.Nxd5 Bxd5 15.Bb1 h6
16.Bh4 Qb7 17.Ne1 g5 18.Bg3 h5 19.h4 gxh4 20.Bxh4 Rg8 21.f3 Bh6 22.Rc3 Nb6
23.Bc2 a5 24.b4 a4 25.Qe2 Kd7 26.Be4 Bg5 27.Qf2 Rg7 28.Bxg5 Rxg5 29.Qh4 Rag8
30.Rf2 Bc6 31.Qf4 R8g7 32.Nc2 Nd5 33.Bxd5 Bxd5 34.Ne3 Ke8 35.Kf1 R7g6 36.Ke2 Qe7
37.Nxd5 exd5 38.Qh2 Qe6 39.Re3 Qf5 40.Kd2 h4 41.e6 Rxe6 42.Qb8+ Ke7 43.Rfe2 Qb1
44.Qxb5 Rxg2 45.Rxe6+ fxe6 46.Qc5+ Kf7 47.Qc7+ Kg6 48.Rxg2+  1-0

[Event "Oz.com qualifier blitz"]
[Site "Internet ICC"]
[Date "2000.03.05"]
[Round "3"]
[White "Schwartz,Y"]
[Black "Celis,S"]
[Result "1-0"]
[WhiteElo "2311"]
[BlackElo "2165"]

1.d4 e6 2.Nf3 Nf6 3.c4 d5 4.Nc3 c6 5.e3 Bb4 6.Bd3 Bxc3+ 7.bxc3 dxc4 8.Bxc4 Qa5
9.Qc2 Nd5 10.Bd2 Nb6 11.Bd3 Qh5 12.O-O N8d7 13.a4 Nf6 14.a5 Nbd5 15.c4 Ne7
16.Bb4 Ng6 17.Bd6 Nh4 18.Nxh4 Qxh4 19.e4 h5 20.f3 Rh6 21.Qf2 Qxf2+ 22.Kxf2 Kd7
23.Bf4 Rh8 24.Rfb1 Ne8 25.Bc2 f6 26.Ba4 g5 27.Be3 Kc7 28.d5 exd5 29.cxd5 Nd6
30.dxc6 bxc6 31.Rc1 Bd7 32.Rxc6+ Bxc6 33.Rc1 Rhc8 34.Bxc6 Rab8 35.Bd5+ Kd7
36.Rd1 Rb2+ 37.Kf1 Rcc2 38.Bd4 Rxg2 39.Bxb2 Rxb2 40.Kg1 Ke7 41.Bc6 Ra2 42.Rd5 Nc4
43.Rc5 Ne3 44.Bd5 Rg2+ 45.Kh1 Rf2 46.Rc1 Nxd5 47.exd5 Kd6 48.Rc6+ Kxd5 49.Rxf6 Ra2
50.Rf5+ Ke6 51.Rxg5 Ra3 52.Kg2 h4 53.Rh5 Ra4 54.Kh3 Kf6 55.Rh6+ Kg5 56.Ra6 Ra3
57.Kg2 Ra2+ 58.Kh3 Ra3 59.Rxa7 Rxf3+ 60.Kg2 Ra3 61.a6 Kf4 62.Rf7+ Kg4 63.Rg7+ Kf4
64.a7 h3+ 65.Kf1 Ra1+ 66.Ke2 Ra2+ 67.Kd3 Ke5 68.Rh7 Kd5 69.Ke3 Ke5 70.Kf3 Kf5
71.Rf7+ Kg5 72.Rb7 Ra4 73.Rb5+ Kf6 74.Rb6+ Kg5 75.Rb5+ Kf6 76.Rb7 Kg5 77.Rc7 Kf5
78.Rc5+ Kg6 79.Rc6+ Kf5 80.Rc5+ Kg6 81.Rc7 Kf5 82.Kg3 Ra3+ 83.Kh4 Kg6 84.Kg4 Kh6
85.Kf5 Ra6 86.Ke5 Kg5 87.Kd5 Kf4 88.Kc5 Kf3 89.Kb5 Ra1 90.Rg7 Kf2 91.Kb6 Rb1+
92.Kc7 Ra1 93.Kb8 Rb1+ 94.Rb7 Ra1 95.Rb2+ Kg1 96.a8=Q Rxa8+ 97.Kxa8 Kh1 98.Kb7  1-0

[Event "Oz.com qualifier blitz"]
[Site "Internet ICC"]
[Date "2000.03.05"]
[Round "3"]
[White "Van Wely,L"]
[Black "Lugo,B"]
[Result "1/2-1/2"]
[WhiteElo "2646"]
[BlackElo "2415"]

1.d4 d5 2.c4 c6 3.Nc3 Nf6 4.Nf3 e6 5.e3 Nbd7 6.Qc2 Bd6 7.Bd3 O-O 8.O-O Qe7
9.a3 e5 10.cxd5 cxd5 11.dxe5 Nxe5 12.Nxe5 Qxe5 13.f4 Qe7 14.Bd2 Bd7 15.Rae1 Rac8
16.Qb1 Rfe8 17.e4 Bc5+ 18.Kh1 Ng4 19.h3 Qh4 20.Rf3 Nf2+ 21.Kh2 Ng4+ 22.Kh1 Nf2+
23.Kh2 Ng4+ 24.Kh1  1/2-1/2

[Event "Oz.com qualifier blitz"]
[Site "Internet ICC"]
[Date "2000.03.05"]
[Round "3"]
[White "Kosyrev,V"]
[Black "Kaidanov,G"]
[Result "1-0"]
[WhiteElo "2474"]
[BlackElo "2599"]

1.d4 d5 2.c4 e6 3.Nc3 c6 4.e3 Nf6 5.Nf3 Nbd7 6.Qc2 Bd6 7.Bd3 O-O 8.O-O dxc4
9.Bxc4 b5 10.Bd3 Bb7 11.e4 e5 12.h3 h6 13.Ne2 c5 14.dxe5 Nxe5 15.Nxe5 Bxe5
16.Bxb5 Bxe4 17.Qxc5 Bd6 18.Qd4 Rb8 19.a4 Qe7 20.Bf4 Rfd8 21.Bxd6 Rxd6 22.Qc5 Ba8
23.Rad1 Ne4 24.Qe3 Re6 25.Nd4 Rg6 26.Nf3 Qf6 27.Rd4 Rxg2+ 28.Kxg2 Ng5 29.Rf4 Qg6
30.Kh2 Qd6 31.Ne5 f6 32.Bc4+ Kh8 33.Ng6+ Kh7 34.Nh4 Be4 35.b3 Re8 36.Qg3 Ba8
37.Qd3+ Qxd3 38.Bxd3+ Kg8 39.Rd4 Rc8 40.f4 Ne6 41.Bc4  1-0

[Event "Oz.com qualifier blitz"]
[Site "Internet ICC"]
[Date "2000.03.05"]
[Round "3"]
[White "McCarthy,B"]
[Black "Ragnarsson,J"]
[Result "1-0"]
[WhiteElo "2259"]
[BlackElo "2129"]

1.d4 d5 2.Nf3 c6 3.c4 e6 4.e3 Nf6 5.Nc3 Bd6 6.Bd3 Nbd7 7.e4 dxe4 8.Nxe4 Nxe4
9.Bxe4 Nf6 10.Bc2 h6 11.O-O Qc7 12.h3 b6 13.Re1 O-O 14.Ne5 Rd8 15.Qe2 c5
16.dxc5 bxc5 17.Ng4 Nxg4 18.Qxg4 f5 19.Qe2 Qf7 20.b3 Qf6 21.Ba3 e5 22.Rad1 Bb7
23.f3 Qg5 24.Qe3 Qg3 25.Bxf5 e4 26.fxe4 Qh2+ 27.Kf2 Be7 28.Qg3 Qxg3+ 29.Kxg3 Bd6+
30.Kf2 a5 31.e5 Be7 32.Be6+ Kh8 33.Bd5 Bxd5 34.cxd5 a4 35.bxa4 Rxa4 36.Re3 Bg5
37.Rf3 Rda8 38.Bxc5 Rxa2+ 39.Kg1 Rc2 40.Bf2 Re8 41.e6 Be7 42.d6 Bxd6 43.Rxd6 Re2
44.Re3 Rxe3 45.Bxe3 Kh7 46.Bd4 Kg6 47.Rd7 Rxe6 48.Rxg7+ Kf5 49.Rg3 h5 50.Rf3+ Kg5
51.Be3+ Kg6 52.Bf2 Ra6 53.Re3 Ra1+ 54.Re1 Ra4 55.g3 Kf5 56.Kg2 Ra3 57.Re3 Ra2
58.Rf3+ Kg6 59.Rf4 Kg5 60.h4+ Kg6 61.Kf3 Ra3+ 62.Be3 Rb3 63.Rc4 Ra3 64.Kf4 Ra1
65.Rc6+ Kh7 66.Kg5 Ra5+ 67.Rc5 Ra3 68.Bf4 Rd3 69.Rc7+ Kg8 70.Kxh5 Rb3 71.Kg6 Rb6+
72.Kg5 Ra6 73.h5 Ra8 74.h6  1-0

[Event "Oz.com qualifier blitz"]
[Site "Internet ICC"]
[Date "2000.03.05"]
[Round "4"]
[White "Silva Sanchez,C"]
[Black "Betaneli,A"]
[Result "1-0"]
[WhiteElo "2407"]
[BlackElo "2244"]

1.d4 Nf6 2.Nf3 d5 3.c4 e6 4.Nc3 c6 5.e3 Be7 6.b3 Nbd7 7.Bb2 O-O 8.Bd3 b6
9.O-O Ba6 10.Qe2 Rc8 11.Rfd1 Qc7 12.Rac1 Qb8 13.e4 dxe4 14.Nxe4 Nxe4 15.Qxe4 Nf6
16.Qh4 g6 17.Ng5 Nh5 18.d5 h6 19.Qxh5 Bxg5 20.Bxg6 cxd5 21.h4 e5 22.hxg5 fxg6
23.Qxg6+ Kh8 24.Qxh6+ Kg8 25.Qg6+ Kh8 26.Rd4 Rf4 27.Rxf4  1-0

[Event "Oz.com qualifier blitz"]
[Site "Internet ICC"]
[Date "2000.03.05"]
[Round "5"]
[White "Landenbergue,C"]
[Black "Halldorsson,Br"]
[Result "1/2-1/2"]
[WhiteElo "2406"]
[BlackElo "2243"]

1.d4 d5 2.c4 c6 3.Nf3 Nf6 4.e3 e6 5.Nc3 Nbd7 6.Bd3 dxc4 7.Bxc4 b5 8.Be2 Bb7
9.O-O a6 10.e4 b4 11.e5 bxc3 12.exf6 Nxf6 13.bxc3 Bd6 14.Bg5 O-O 15.Rb1 Rb8
16.Bd3 c5 17.Qe2 cxd4 18.cxd4 a5 19.Ne5 Be7 20.Bxf6 Bxf6 21.Rxb7 Rxb7 22.Qe4 g6
23.Qxb7 Bxe5 24.dxe5 Qxd3 25.Qc7 Qa3 26.Qc4 Rd8 27.h3 Qb2 28.Qc7 Rd5 29.Re1 Qxa2
30.Re3 Qa4 31.Rf3 Qd7 32.Qb8+ Qd8 33.Qb7 Rd7 34.Qe4 Rd4 35.Qb7 Rd7 36.Qe4 Ra7
37.Rd3 Rd7 38.Rf3 Kg7 39.g3 Rd5 40.Kg2 Qg5 41.Re3 Qf5 42.g4 Qxe4+ 43.Rxe4 Rb5
44.Kg3 Rb4 45.Re2 g5 46.Rc2 a4 47.Rc7 Re4 48.Ra7 Kg6 49.f3 Rb4 50.Ra8 h6
51.h4 Rb5 52.hxg5 hxg5 53.Rxa4 Rxe5 54.Kf2 Kf6 55.Ra7 Rd5 56.Ke3 Rb5 57.Ke4  1/2-1/2

[Event "Oz.com qualifier blitz"]
[Site "Internet ICC"]
[Date "2000.03.05"]
[Round "6"]
[White "Tyomkin,D"]
[Black "Vasquez,R"]
[Result "1-0"]
[WhiteElo "2516"]
[BlackElo "2445"]

1.d4 d5 2.c4 c6 3.Nc3 Nf6 4.e3 e6 5.Nf3 Nbd7 6.Bd3 dxc4 7.Bxc4 b5 8.Bd3 b4
9.Ne4 Be7 10.O-O O-O 11.Qc2 Bb7 12.Bd2 Qb6 13.Rfc1 Nxe4 14.Bxe4 h6 15.a3 a5
16.axb4 axb4 17.Rxa8 Rxa8 18.Qc4 c5 19.Bxb7 Qxb7 20.h3 Ra5 21.Qd3 Ra2 22.b3 Ra5
23.Be1 Ra3 24.Qc4 Ra5 25.Qd3 Qa6 26.Qxa6 Rxa6 27.dxc5 Bxc5 28.Rc4 Rb6 29.Kf1 Rb5
30.Nd4 Ra5 31.Nc2 Ra2 32.Nxb4 Ra1 33.Nd3 Bf8 34.Rc2 Nb6 35.Ke2 Kh7 36.e4 Rb1
37.Rb2 Ra1 38.Bd2 Ba3 39.Rc2 Rb1 40.b4 Nd7 41.Rc7 Nf6 42.f3 Kg8 43.Ra7 Bb2
44.Nxb2 Rxb2 45.Kd3 Kf8 46.Ra1 Ke8 47.Kc3  1-0

[Event "Oz.com qualifier blitz"]
[Site "Internet ICC"]
[Date "2000.03.05"]
[Round "7"]
[White "Orlov,G"]
[Black "Ippolito,D"]
[Result "1/2-1/2"]
[WhiteElo "2512"]
[BlackElo "2373"]

1.c4 e6 2.Nc3 d5 3.d4 c6 4.e3 Nf6 5.Nf3 Nbd7 6.Bd3 dxc4 7.Bxc4 b5 8.Bd3 a6
9.e4 c5 10.d5 Bb7 11.dxe6 fxe6 12.O-O c4 13.Bc2 Qc7 14.Nd4 Nc5 15.e5 Qxe5
16.Re1 Qd6 17.Bf5 O-O-O 18.Nxe6 Nxe6 19.Qxd6 Bxd6 20.Rxe6 Kc7 21.Re1 Rhe8
22.Be3 Re5 23.Bh3 Rde8 24.Red1 g5 25.g3 Bc5 26.Bxc5 Rxc5 27.a3 Rce5 28.Bg2 Ne4
29.Nxe4 Bxe4 30.Rd4 Bxg2 31.Kxg2 Re2 32.b3 Rf8 33.bxc4 Rfxf2+ 34.Kh3 h5 35.Rh1 g4+
36.Kh4 Rxh2+ 37.Rxh2 Rxh2+ 38.Kg5 Rh3 39.cxb5 axb5 40.a4 bxa4 41.Rxa4 Kd6
42.Re4 Kd5 43.Re8 Rxg3 44.Kxh5 Rg1 45.Kh4 g3 46.Kh3 Kd4 47.Rg8  1/2-1/2

[Event "Oz.com qualifier blitz"]
[Site "Internet ICC"]
[Date "2000.03.05"]
[Round "7"]
[White "Rohde,M"]
[Black "Kaidanov,G"]
[Result "0-1"]
[WhiteElo "2535"]
[BlackElo "2599"]

1.Nf3 d5 2.c4 e6 3.d4 Nf6 4.Nc3 c6 5.e3 Nbd7 6.Qc2 Bd6 7.Bd3 O-O 8.O-O dxc4
9.Bxc4 b5 10.Bd3 Bb7 11.Rd1 Qe7 12.e4 e5 13.Ne2 c5 14.Ng3 g6 15.d5 c4 16.Bf1 Rfc8
17.Bg5 Qf8 18.Qd2 Ne8 19.Rac1 f6 20.Be3 Bb4 21.Qc2 Nd6 22.h4 Bc5 23.Re1 Bxe3
24.Rxe3 Nc5 25.h5 Qh6 26.Nh2 gxh5 27.Be2 Kh8 28.Bxh5 Nd3 29.Rf1 Nf4 30.Bg4 Rg8
31.Qd2 Rg7 32.Qb4 Rd8 33.Qa5 Rdg8 34.Qb4 f5 35.Bxf5 Nxf5 36.exf5 Nxd5  0-1

[Event "Oz.com qualifier blitz"]
[Site "Internet ICC"]
[Date "2000.03.05"]
[Round "9"]
[White "Rohde,M"]
[Black "Sergejev,R"]
[Result "1-0"]
[WhiteElo "2535"]
[BlackElo "2377"]

1.Nf3 d5 2.c4 c6 3.d4 Nf6 4.Nc3 e6 5.e3 Nbd7 6.Qc2 Bd6 7.Bd3 dxc4 8.Bxc4 O-O
9.O-O b5 10.Bd3 Bb7 11.Rd1 Qe7 12.e4 e5 13.Ne2 c5 14.Ng3 g6 15.d5 c4 16.Bf1 Rfc8
17.Bg5 Qd8 18.h3 Qb6 19.Nh2 a5 20.Qe2 Bc5 21.Qf3 Bd4 22.Rab1 b4 23.Ne2 Bxf2+
24.Kh1 Bc5 25.Rbc1 Bf8 26.Ng3 Ba6 27.Be2 Qd6 28.Ngf1 Rc7 29.Ne3 Rac8 30.Rf1 Bg7
31.Nhg4 Nxg4 32.Qxf7+ Kh8 33.Bxg4 c3 34.Be7 Nf6 35.Bxd6 Rxf7 36.Bxc8 Bxc8
37.bxc3 bxc3 38.Bxe5 Kg8 39.Bxc3 Ba6 40.Rf3 Be2 41.Rf2 Nxe4 42.Rxf7 Kxf7
43.Bxg7 Kxg7 44.Rc6 Kf7 45.Nc4 a4 46.Ne5+ Ke8 47.Re6+  1-0

[Event "Oz.com qualifier blitz"]
[Site "Internet ICC"]
[Date "2000.03.05"]
[Round "9"]
[White "Kosyrev,V"]
[Black "Pruess,D"]
[Result "0-1"]
[WhiteElo "2474"]
[BlackElo "2228"]

1.d4 d5 2.c4 e6 3.Nc3 c6 4.e3 Nf6 5.Nf3 Nbd7 6.Qc2 Bd6 7.b3 O-O 8.Be2 Re8
9.O-O b6 10.e4 dxe4 11.Nxe4 Nxe4 12.Qxe4 Bb7 13.Rd1 f5 14.Qe3 c5 15.dxc5 Nxc5
16.b4 Ne4 17.c5 bxc5 18.bxc5 Qf6 19.cxd6 Qxa1 20.d7 Red8 21.Bc4 Bd5 22.Bxd5 exd5
23.Qb3 Qf6 24.Qxd5+ Kh8 25.Bg5 Nxg5 26.Ne5 h6 27.Nc6 Qe6 28.Nxd8 Qxd5 29.Rxd5 Rxd8
30.f4 Ne4 31.h3 g6 32.g4 Nf6 33.Rd6 Kg7 34.gxf5 gxf5  0-1

[Event "33rd 8th March Women's It"]
[Site "Belgrade YUG"]
[Date "2000.03.06"]
[Round "4"]
[White "Prudnikova,S"]
[Black "Velcheva,M"]
[Result "1/2-1/2"]
[WhiteElo "2421"]
[BlackElo "2364"]

1.Nf3 d5 2.d4 Nf6 3.c4 e6 4.Nc3 c6 5.e3 Nbd7 6.Bd3 dxc4 7.Bxc4 b5 8.Bd3 Bd6
9.e4 e5 10.dxe5 Nxe5 11.Nxe5 Bxe5 12.h3 O-O 13.O-O a6 14.Be3 Qd6 15.Qe2 Re8
16.Rad1 Qe7 17.Qc2 Bb7 18.Ne2 Bd6 19.Nd4 g6 20.Nb3 c5 21.Bxc5 Bxc5 22.Qxc5 Nxe4
23.Qxe7 Rxe7 24.Rfe1 Rae8 25.Na5 Nc5 26.Rxe7 Rxe7 27.Nxb7 Nxd3 28.Rxd3 Rxb7
29.Rd6 a5 30.b3 a4 31.bxa4 bxa4 32.Ra6 Rb1+ 33.Kh2 Rb2 34.Rxa4 Rxf2  1/2-1/2

[Event "La Perla Open"]
[Site "Lugano SUI"]
[Date "2000.03.11"]
[Round "5"]
[White "Goldstern,F"]
[Black "Nusch,P"]
[Result "1-0"]
[WhiteElo "2411"]
[BlackElo "2038"]

1.d4 d5 2.Nf3 Nf6 3.c4 c6 4.Nc3 e6 5.e3 g6 6.Bd3 dxc4 7.Bxc4 Bg7 8.O-O O-O
9.e4 Nbd7 10.Bg5 Qc7 11.Rc1 h6 12.Bh4 Qa5 13.e5 Nd5 14.Ne4 c5 15.Nd6 N7b6
16.Bb3 cxd4 17.Qxd4 Qb4 18.Qxb4 Nxb4 19.Be7 Nd3 20.Rc7 Bd7 21.Bxf8 Bxf8 22.Rd1 Nf4
23.Nxb7 Bb5 24.Nd4 Ba4 25.Bxa4 Nxa4 26.b3 Nb2 27.Rd2 Nbd3 28.Nf3 Nd5 29.Rd7 Rc8
30.g3 Rc3 31.Kg2 g5 32.h3 Bg7 33.Nd8 Bxe5 34.Rxd3 Rxd3 35.Nxe5 Rd2 36.Ndxf7 Kf8
37.Nxh6 Rxa2 38.Kf3 Ra3 39.Rb7 Nb6 40.Kg4 Rxb3 41.Rxa7 Rb5 42.Nd7+ Kg7 43.Nxb6+ Kxh6
44.Nd7 Rb4+ 45.f4 Kg6 46.Nf8+ Kf6 47.Nh7+ Kg6 48.Nf8+ Kf6 49.Nh7+ Kg6 50.Nxg5 e5  1-0

[Event "Begonia Open"]
[Site "Ballarat AUS"]
[Date "2000.03.12"]
[Round "4"]
[White "Sandler,L"]
[Black "Baron,M"]
[Result "1-0"]
[WhiteElo "2412"]
[BlackElo "2225"]

1.d4 d5 2.c4 c6 3.Nf3 Nf6 4.e3 e6 5.Nc3 Nbd7 6.Qc2 Bd6 7.g4 dxc4 8.g5 Nd5
9.Bxc4 Nxc3 10.bxc3 Qe7 11.Bb2 e5 12.O-O-O a6 13.h4 b5 14.Bd3 c5 15.Be4 Ra7
16.dxe5 Nxe5 17.Nxe5 Bxe5 18.f4 Bc7 19.c4 O-O 20.h5 Re8 21.Bxh7+ Kf8 22.h6 gxh6
23.gxh6 Qxe3+ 24.Kb1 Qxf4 25.cxb5 Be5 26.Qxc5+ Rae7 27.Rdf1  1-0

[Event "Amber Rapidplay"]
[Site "Monaco MNC"]
[Date "2000.03.16"]
[Round "1"]
[White "Lautier,J"]
[Black "Shirov,A"]
[Result "1/2-1/2"]
[WhiteElo "2632"]
[BlackElo "2751"]

1.d4 d5 2.c4 c6 3.Nc3 Nf6 4.e3 e6 5.Nf3 Nbd7 6.Bd3 dxc4 7.Bxc4 b5 8.Bd3 Bb7
9.a3 Bd6 10.O-O O-O 11.Bd2 e5 12.Qc2 Qe7 13.Ng5 g6 14.Nce4 Nxe4 15.Nxe4 c5
16.dxc5 Nxc5 17.Nxc5 Bxc5 18.Be4 Rac8 19.Bc3 a5 20.Bxb7 Qxb7 21.Qe2 b4 22.axb4 axb4
23.Bxe5 Qe4 24.Bf6 Rc6 25.Ra6 Rfc8 26.h3 Bb6 27.Bg5 Rc2 28.Qb5 Bd8 29.Bxd8 Rxd8
30.Qg5 Re8 31.Qf6 Qe5 32.b3  1/2-1/2

[Event "16th Spring Festival"]
[Site "Budapest HUN"]
[Date "2000.03.17"]
[Round "1"]
[White "Havaskori,L"]
[Black "Pataki,G"]
[Result "0-1"]
[WhiteElo "2061"]
[BlackElo "2267"]

1.d4 d5 2.Nf3 Nf6 3.c4 e6 4.Nc3 c6 5.e3 Nbd7 6.Bd3 dxc4 7.Bxc4 b5 8.Bd3 Bb7
9.O-O b4 10.Na4 c5 11.dxc5 Bxc5 12.Nxc5 Nxc5 13.Bb5+ Ke7 14.Qe2 Qb6 15.Rd1 Rab8
16.Nd4 Nfe4 17.Qh5 Rhd8 18.Be2 g6 19.Qh4+ g5 20.Qh6 Rg8 21.Bd2 Rg6 22.Qxh7 Rgg8
23.Rac1 Rh8 24.Nf5+ exf5 25.Qxf5 Ne6 26.Rc4 Nxd2 27.Rxd2 Rbd8 28.Rdc2 Qd6
29.f4 Rhg8 30.fxg5 Rxg5 31.Rc7+ Rd7 32.Rxd7+ Qxd7 33.Qh7 Bxg2 34.Kf2 Qb7
35.h4 Be4 36.Bf3 Bxh7 37.Bxb7 Bxc2  0-1

[Event "Extraliga CZE"]
[Site "Ostrava CZE"]
[Date "2000.03.18"]
[Round "10"]
[White "Fajman,P"]
[Black "Cesal,J"]
[Result "1-0"]
[WhiteElo "2282"]
[BlackElo "2284"]

1.d4 d5 2.c4 c6 3.Nc3 Nf6 4.Nf3 e6 5.e3 Nbd7 6.Bd3 dxc4 7.Bxc4 b5 8.Bd3 b4
9.Na4 Bb7 10.Bd2 Be7 11.Rc1 Rc8 12.O-O O-O 13.e4 c5 14.e5 Ne4 15.Be3 cxd4
16.Rxc8 Qxc8 17.Bxd4 Rd8 18.Qb1 Qa8 19.Re1 Ndc5 20.Nxc5 Nxc5 21.Bxc5 Bxc5
22.Bxh7+ Kf8 23.Be4 Bxe4 24.Rxe4 Qd5 25.h3 b3 26.axb3 Qxb3 27.Re1 Rd3 28.Qc1 Bb4
29.Qc8+ Ke7 30.Rc1 Rd7 31.Nd4  1-0

[Event "Belgian Interteams 1999-2000"]
[Site "Antwerp BEL"]
[Date "2000.03.19"]
[Round "11"]
[White "Winants,L"]
[Black "Tolk,P"]
[Result "1-0"]
[WhiteElo "2510"]
[BlackElo "2269"]

1.d4 e6 2.c4 d5 3.Nc3 c6 4.e3 Nf6 5.Nf3 Nbd7 6.Bd3 Bd6 7.e4 dxe4 8.Nxe4 Nxe4
9.Bxe4 Bb4+ 10.Bd2 Qa5 11.O-O Bxd2 12.Nxd2 O-O 13.Qc2 h6 14.Rfe1 Nf6 15.c5 Rd8
16.Nc4 Qc7 17.Rad1 Bd7 18.Bf3 Rab8 19.b4 Be8 20.a3 Nd7 21.Qe4 Nf8 22.Qe5 Qe7
23.Qg3 Qg5 24.Qe5 Qe7 25.Be4 Qd7 26.Nd6 Qe7 27.Bc2 Qg5 28.Re3 f6 29.Qxg5 hxg5
30.Bb3 Bd7 31.g3 Kh7 32.f4 gxf4 33.gxf4 g6 34.Kf2 b6 35.f5 exf5 36.Re7+  1-0

[Event "16th Spring Festival"]
[Site "Budapest HUN"]
[Date "2000.03.19"]
[Round "3"]
[White "Szeberenyi,A"]
[Black "Csom,E"]
[Result "1-0"]
[WhiteElo "2257"]
[BlackElo "2140"]

1.d4 d5 2.c4 c6 3.Nc3 Nf6 4.e3 e6 5.Nf3 Nbd7 6.Qc2 Bd6 7.Bd3 O-O 8.O-O dxc4
9.Bxc4 e5 10.h3 h6 11.a3 Re8 12.Ba2 exd4 13.Nxd4 Nb6 14.Bd2 Be5 15.Nf3 Bc7
16.e4 Be6 17.Bxe6 Rxe6 18.Rad1 Qe8 19.Nd4 Re7 20.Nf5 Re6 21.Nd4 Re7 22.Nf5 Re6
23.Rfe1 Rd8 24.f4 Nc4 25.e5 Nxd2 26.Rxd2 Nh5 27.Rxd8 Bxd8 28.Rf1 g6 29.Nxh6+ Kh7
30.Ng4 Qe7 31.Ne4 Qc7 32.f5 Rxe5 33.fxg6+ fxg6 34.Nxe5 Qxe5 35.Rf7+ Kg8 36.Rf3 Bb6+
37.Kh1 Kg7 38.Qc4 Kh6 39.g4 Nf4 40.Qf7 g5 41.Qf8+ Kg6 42.Qg8+ Kh6 43.h4 gxh4
44.g5+  1-0